000
00327pab a2200133 454500
008
180718b xxu||||| |||| 00| 0 eng d
100
_a
Sinha, Nishi
245
_a
Sickness in Small-Scale sector
650
_a
Industry
650
_a
Sickness
650
_a
Industry, Small - Scale
773
_a
Financial Express
909
_a
21799
999
_c
21799
_d
21799